| 000 -LEADER |
| fixed length control field |
00888nam a2200205 4500 |
| 005 - DATE AND TIME OF LATEST TRANSACTION |
| control field |
20230712111602.0 |
| 008 - FIXED-LENGTH DATA ELEMENTS--GENERAL INFORMATION |
| fixed length control field |
230605s2019 aw ||||| |||| 00| 0 ara d |
| 020 ## - INTERNATIONAL STANDARD BOOK NUMBER |
| International Standard Book Number |
9788378932291 |
| 041 ## - LANGUAGE CODE |
| Language code of text/sound track or separate title |
aw |
| 080 ## - UNIVERSAL DECIMAL CLASSIFICATION NUMBER |
| Universal Decimal Classification number |
821.353.1-82.03=222.1 G-37 |
| 245 ## - TITLE STATEMENT |
| Title |
Georgian Literature Samples = ქართული ლიტერატურის ნიმუშები / |
| Statement of responsibility, etc. |
Translate by Magali Todua; edit by Ehsan Khazai and Mohsen Hoseini. |
| 264 ## - PRODUCTION, PUBLICATION, DISTRIBUTION, MANUFACTURE, AND COPYRIGHT NOTICE |
| Place of production, publication, distribution, manufacture |
Wojnowice, |
| Date of production, publication, distribution, manufacture, or copyright notice |
2019. |
| 300 ## - PHYSICAL DESCRIPTION |
| Other physical details |
21 cm. |
| 653 ## - INDEX TERM--UNCONTROLLED |
| keyword |
ქართული ლიტერატურა -- კრებულები. |
| 653 ## - INDEX TERM--UNCONTROLLED |
| keyword |
ტექსტი სპარსულ ენაზე. |
| 700 ## - ADDED ENTRY--PERSONAL NAME |
| Personal name |
Todua, Magali |
| Relator term |
მთარგმნელი |
| 9 (RLIN) |
18494 |
| 700 ## - ADDED ENTRY--PERSONAL NAME |
| Personal name |
Khazai, Ehsan |
| Relator term |
რედაქტორი |
| 9 (RLIN) |
18495 |
| 700 ## - ADDED ENTRY--PERSONAL NAME |
| Personal name |
Hoseini, Mohsen |
| Relator term |
რედაქტორი |
| 9 (RLIN) |
18496 |
| 942 ## - ADDED ENTRY ELEMENTS (KOHA) |
| Source of classification or shelving scheme |
|
| Koha item type |
წიგნი |